Riot, rebellion and popular politics in early modern England
Αποθηκεύτηκε σε:
| Κύριος συγγραφέας: | |
|---|---|
| Μορφή: | Βιβλίο |
| Γλώσσα: | English |
| Δημοσίευση: |
Houndmills, Basingstoke, Hampshire :
Palgrave,
2002
|
| Σειρά: | Social history in perspective (Palgrave Macmillan (Firm))
|
| Θέματα: | |
| Ετικέτες: |
Προσθήκη ετικέτας
Δεν υπάρχουν, Καταχωρήστε ετικέτα πρώτοι!
|
MARC
| LEADER | 00000cam a2200000 i 4500 | ||
|---|---|---|---|
| 001 | 1/3461 | ||
| 008 | 100120s2002 eng d | ||
| 020 | |a 978-0-333-63762-3 (pbk.) | ||
| 020 | |a 0-333-69336-1 (pbk.) | ||
| 035 | |l 10106384 | ||
| 040 | |a GR-MY-UA |b gre |e aacr | ||
| 041 | 0 | |a eng | |
| 082 | 0 | |a 306.0941 |2 (22) | |
| 100 | 1 | |a Wood, Andy, |d 1967- | |
| 245 | 1 | 0 | |a Riot, rebellion and popular politics in early modern England / |c Andy Wood |
| 260 | |a Houndmills, Basingstoke, Hampshire : |b Palgrave, |c 2002 | ||
| 300 | |a xv, 227 σ.; |c 22 εκ. | ||
| 490 | 1 | |a Social history in perspective | |
| 504 | |a Βιβλιογραφία: σ. 195-215 | ||
| 504 | |a Ευρετήριο: σ. 217-227 | ||
| 650 | 0 | 0 | |a Political violence |z Great Britain |x History. |
| 650 | 0 | 0 | |a Riots |z Great Britain |x History. |
| 650 | 0 | 0 | |a Revolutions |z Great Britain |x History. |
| 651 | 0 | |a Great Britain |x Politics and government |y 1485- | |
| 830 | 0 | |a Social history in perspective (Palgrave Macmillan (Firm)) | |
| 852 | |a INST |b LESVOS |e 20100120 |h 306.0941 WOO |p 005100045838 |q 005100045838 |t BK |y 0 | ||
| 901 | |a BIBL1-2010-1 | ||
| 909 | |a Λ |b 160638 | ||
| 970 | |a ΓΙΑΛΑΜΑ |b ΜΑΡΙΑ |z 2010/01/20 | ||